| 000 | 00722cam a2200193 4500 | ||
|---|---|---|---|
| 001 | J112280 | ||
| 008 | 000000n1994 000 0 eng u | ||
| 035 | _a(Sirsi) u112280 | ||
| 110 |
_aInstitute of Building Control _93341 |
||
| 245 | 4 | _aThe Institute of Building Control weekend school 1994 | |
| 260 |
_aEpsom _bIBC _c1994 |
||
| 300 | _a26p. ; 30cm. | ||
| 520 | _aStored in basement. Weekend School held at Canolfan Aberconwy central Llandudno 18th, 19th & 20th March 1994. Organised by the North Wales district of the Institute | ||
| 650 | _aIBC | ||
| 650 | _aINSTITUTE OF BUILDING CONTROL | ||
| 650 | _aPROFESSIONAL ASSOCIATIONS | ||
| 690 | _aMANAGEMENT-BUSINESS MANAGEMENT-PROFESSIONAL PRACTICE | ||
| 942 | _n0 | ||
| 999 |
_c101387 _d101387 |
||